[Event "4. Moscu Open 2008"]
[Site "Moscu RUS"]
[Date "2008.02.08"]
[Round "7.64"]
[White "Amonatov, Farrukh"]
[Black "Tonoian, Armen"]
[Result "1-0"]
[WhiteElo "2649"]
[BlackElo "2398"]
[PlyCount "81"]
[EventDate "2008.02.02"]
[EventType "swiss"]
[EventRounds "9"]
[EventCountry "RUS"]
[Source "lmi"]
[SourceDate "2008.02.02"]

1. e4 c5 2. Nf3 e6 3. d4 cxd4 4. Nxd4 Nc6 5. Nc3 Qc7 6. Be3 a6 7. Qd2 Nf6 8.
O-O-O Bb4 9. f3 Ne7 10. Nde2 b5 11. Qe1 Bc5 12. Bxc5 Qxc5 13. Nd4 b4 14. Nce2
Bb7 15. Nb3 Qb6 16. Qg3 O-O 17. Qd6 Nc6 18. Qc5 Qc7 19. Ned4 Rfc8 20. Nxc6 Bxc6
21. Qd6 Qb6 22. Bd3 a5 23. Nd2 a4 24. Nc4 Qb7 25. Qd4 Rcb8 26. Kb1 Ne8 27. e5
Bd5 28. f4 Nc7 29. Nd6 Qc6 30. f5 Ne8 31. Nxe8 Rxe8 32. f6 a3 33. b3 Qc3 34.
Bb5 Rec8 35. Qxc3 Rxc3 36. Rhe1 Ra7 37. Rd4 Rb7 38. Bd3 d6 39. exd6 gxf6 40.
Rxd5 exd5 41. Re7 1-0

[Event "4. Moscu Open 2008"]
[Site "Moscu RUS"]
[Date "2008.02.08"]
[Round "7.65"]
[White "Ageichenko, Genadi A"]
[Black "Fedorov, Alexei"]
[Result "0-1"]
[WhiteElo "2397"]
[BlackElo "2607"]
[PlyCount "55"]
[EventDate "2008.02.02"]
[EventType "swiss"]
[EventRounds "9"]
[EventCountry "RUS"]
[Source "lmi"]
[SourceDate "2008.02.02"]

1. Nf3 Nf6 2. g3 g6 3. b3 Bg7 4. Bb2 c5 5. c4 d6 6. Bg2 e5 7. O-O Nc6 8. Nc3
O-O 9. Ne1 Ng4 10. h3 Nh6 11. Nd5 Rb8 12. Nc2 Be6 13. d3 Qd7 14. Kh2 b5 15.
cxb5 Rxb5 16. Na3 Rbb8 17. Nc4 Nf5 18. Qd2 Nb4 19. Be4 Rb7 20. Bc3 Rfb8 21.
Rab1 Nd4 22. e3 Ndc6 23. f4 exf4 24. gxf4 f5 25. Bxg7 Kxg7 26. Nb2 Kg8 27. Rbc1
Rb5 28. Na4 0-1

[Event "4. Moscu Open 2008"]
[Site "Moscu RUS"]
[Date "2008.02.08"]
[Round "7.66"]
[White "Onoprijchuk, Boris"]
[Black "Grachev, Boris"]
[Result "1/2-1/2"]
[WhiteElo "2390"]
[BlackElo "2601"]
[PlyCount "79"]
[EventDate "2008.02.02"]
[EventType "swiss"]
[EventRounds "9"]
[EventCountry "RUS"]
[Source "lmi"]
[SourceDate "2008.02.02"]

1. e4 c5 2. Nf3 d6 3. d4 cxd4 4. Nxd4 Nf6 5. Nc3 a6 6. Be2 e5 7. Nb3 Be7 8. O-O
O-O 9. Be3 Nbd7 10. a4 b6 11. Nd2 Bb7 12. Bc4 Nc5 13. Qf3 Rc8 14. b3 Rc7 15.
Qe2 Qa8 16. Rfe1 Ncxe4 17. Ncxe4 Nxe4 18. Nxe4 Bxe4 19. f3 Bb7 20. Bxb6 Rcc8
21. Rad1 d5 22. Bd3 Rfe8 23. Bf2 Bb4 24. Rf1 g6 25. Qe3 Bf8 26. h4 h5 27. Qg5
Bg7 28. c4 Re6 29. Rc1 e4 30. fxe4 dxe4 31. Be2 e3 32. Be1 Rd8 33. Rc3 Rd2 34.
Bxd2 exd2 35. Rd3 Qa7+ 36. c5 Rxe2 37. Rd8+ Kh7 38. Rxf7 Rxg2+ 39. Qxg2 Bxg2
40. Kxg2 1/2-1/2

[Event "4. Moscu Open 2008"]
[Site "Moscu RUS"]
[Date "2008.02.08"]
[Round "7.67"]
[White "Bocharov, Dmitry"]
[Black "Potapov, Pavel"]
[Result "0-1"]
[WhiteElo "2600"]
[BlackElo "2395"]
[PlyCount "62"]
[EventDate "2008.02.02"]
[EventType "swiss"]
[EventRounds "9"]
[EventCountry "RUS"]
[Source "lmi"]
[SourceDate "2008.02.02"]

1. c4 c6 2. d4 d5 3. Nf3 Nf6 4. Nc3 e6 5. Bg5 h6 6. Bxf6 Qxf6 7. e3 Nd7 8. Bd3
dxc4 9. Bxc4 g6 10. O-O Bg7 11. Qc2 O-O 12. Bb3 Qe7 13. Rad1 b6 14. e4 Bb7 15.
d5 cxd5 16. exd5 exd5 17. Nxd5 Qc5 18. Qb1 Rad8 19. Rfe1 Kh7 20. h4 Nf6 21.
Nxf6+ Bxf6 22. Rxd8 Bxd8 23. Ne5 Bxh4 24. Re3 Rc8 25. Nxf7 Rf8 26. Qd3 Qc6 27.
Qf1 Qf6 28. g3 Qc6 29. Kh2 Bf6 30. f4 Qc5 31. Qh3 Rxf7 0-1

[Event "4. Moscu Open 2008"]
[Site "Moscu RUS"]
[Date "2008.02.08"]
[Round "7.70"]
[White "Ahmed, Sk. Nasir"]
[Black "Hossain, Enamul"]
[Result "1/2-1/2"]
[WhiteElo "2379"]
[BlackElo "2522"]
[PlyCount "58"]
[EventDate "2008.02.02"]
[EventType "swiss"]
[EventRounds "9"]
[EventCountry "RUS"]
[Source "lmi"]
[SourceDate "2008.02.02"]

1. e4 c5 2. Nf3 Nc6 3. Nc3 g6 4. d4 cxd4 5. Nxd4 Bg7 6. Nde2 d6 7. g3 Bg4 8.
Bg2 Nd4 9. Qd3 Nxe2 10. Nxe2 Nf6 11. O-O O-O 12. h3 Bd7 13. Be3 a6 14. a4 Qc8
15. Kh2 Be6 16. b3 Nd7 17. Nd4 Ne5 18. Qd2 Bd7 19. c4 Nc6 20. Nxc6 bxc6 21.
Rab1 Be6 22. c5 Rd8 23. cxd6 Rxd6 24. Qc2 Bd4 25. Bxd4 Rxd4 26. Rfc1 Rb8 27.
Qxc6 Qxc6 28. Rxc6 Rxb3 29. Rxb3 Bxb3 1/2-1/2

[Event "4. Moscu Open 2008"]
[Site "Moscu RUS"]
[Date "2008.02.08"]
[Round "7.71"]
[White "Sveshnikov, Evgeny"]
[Black "Gorbatov, Alexej"]
[Result "1-0"]
[WhiteElo "2506"]
[BlackElo "2384"]
[PlyCount "73"]
[EventDate "2008.02.02"]
[EventType "swiss"]
[EventRounds "9"]
[EventCountry "RUS"]
[Source "lmi"]
[SourceDate "2008.02.02"]

1. e4 c5 2. c3 Nf6 3. e5 Nd5 4. Nf3 e6 5. Bc4 d6 6. d4 cxd4 7. cxd4 Nb6 8. Bd3
dxe5 9. dxe5 Na6 10. Bg5 Be7 11. Bxe7 Qxe7 12. Nc3 Nc5 13. Bc2 O-O 14. O-O Rd8
15. Qe2 Bd7 16. Rad1 Be8 17. Nd4 Qh4 18. g3 Qe7 19. h4 Nba4 20. Ncb5 Nxb2 21.
Bxh7+ Kxh7 22. Qxb2 Rd5 23. Nf5 Na4 24. Qe2 Qf8 25. Rxd5 exd5 26. Nc7 Rd8 27.
Nxe8 Rxe8 28. Qc2 g6 29. Qxa4 gxf5 30. Qf4 Re6 31. Qxf5+ Kg7 32. Rd1 Qc5 33.
Rd3 Qc2 34. Qg4+ Rg6 35. Qd4 Qxa2 36. e6+ f6 37. Re3 1-0

[Event "4. Moscu Open 2008"]
[Site "Moscu RUS"]
[Date "2008.02.08"]
[Round "7.72"]
[White "Friedel, Joshua E"]
[Black "Abasov, Nijat Azad"]
[Result "1-0"]
[WhiteElo "2487"]
[BlackElo "2381"]
[PlyCount "57"]
[EventDate "2008.02.02"]
[EventType "swiss"]
[EventRounds "9"]
[EventCountry "RUS"]
[Source "lmi"]
[SourceDate "2008.02.02"]

1. e4 c5 2. Nf3 Nc6 3. Nc3 g6 4. d4 cxd4 5. Nxd4 Bg7 6. Be3 Nf6 7. Bc4 O-O 8.
Bb3 d6 9. h3 Nxd4 10. Bxd4 Bd7 11. O-O Bc6 12. Qd3 b5 13. Rfe1 b4 14. Nd5 Nxd5
15. exd5 Bb5 16. Qe3 Bxd4 17. Qxd4 a5 18. a3 Qc7 19. axb4 a4 20. c4 axb3 21.
cxb5 Ra2 22. Rac1 Qb7 23. b6 Ra6 24. Rc6 Rb8 25. Rec1 Qa8 26. Kh2 h5 27. b5 Ra5
28. Rc7 Rxb5 29. Ra7 1-0

[Event "4. Moscu Open 2008"]
[Site "Moscu RUS"]
[Date "2008.02.08"]
[Round "7.73"]
[White "Danin, Alexandre"]
[Black "Skomorokhin, Roman"]
[Result "1-0"]
[WhiteElo "2480"]
[BlackElo "2378"]
[PlyCount "112"]
[EventDate "2008.02.02"]
[EventType "swiss"]
[EventRounds "9"]
[EventCountry "RUS"]
[Source "lmi"]
[SourceDate "2008.02.02"]

1. e4 e6 2. d4 d5 3. Nc3 Bb4 4. Nge2 dxe4 5. a3 Be7 6. Nxe4 Nc6 7. Be3 Nf6 8.
Nxf6+ Bxf6 9. c3 O-O 10. Ng3 e5 11. dxe5 Nxe5 12. Be2 Be6 13. Nh5 Qxd1+ 14.
Rxd1 Be7 15. Bd4 f6 16. O-O Bb3 17. Rb1 Bd6 18. Rfe1 Rfe8 19. Ng3 Bc2 20. Rbc1
Nd3 21. Rxc2 Nxe1 22. Rc1 Rxe2 23. Nxe2 Nd3 24. Rc2 c5 25. Be3 c4 26. Nc1 Nxc1
27. Rxc1 Kf7 28. Rd1 Ke6 29. Rd4 b5 30. Rh4 h6 31. Re4+ Kd5 32. Rd4+ Kc6 33. h4
a6 34. h5 Re8 35. Rg4 Bf8 36. Kf1 Re5 37. Rh4 f5 38. Bd4 Rd5 39. Ke2 Be7 40.
Rh3 Bg5 41. Rh1 Rd7 42. Rd1 a5 43. Ra1 Kd5 44. Kf3 Kc6 45. Re1 b4 46. axb4 axb4
47. Re6+ Kc7 48. Re5 bxc3 49. bxc3 Kd8 50. Rxf5 Ke8 51. Rc5 Rf7+ 52. Ke2 Rf4
53. g3 Re4+ 54. Kf3 Re7 55. Re5 Kf7 56. Rxe7+ Bxe7 1-0

[Event "4. Moscu Open 2008"]
[Site "Moscu RUS"]
[Date "2008.02.08"]
[Round "7.74"]
[White "Papin, Vasily"]
[Black "Hambardzumian, Yuri"]
[Result "1-0"]
[WhiteElo "2475"]
[BlackElo "2378"]
[PlyCount "75"]
[EventDate "2008.02.02"]
[EventType "swiss"]
[EventRounds "9"]
[EventCountry "RUS"]
[Source "lmi"]
[SourceDate "2008.02.02"]

1. d4 Nf6 2. c4 g6 3. g3 Bg7 4. Bg2 O-O 5. Nc3 d6 6. Nf3 c5 7. d5 e6 8. dxe6
Bxe6 9. Ng5 Bxc4 10. Bxb7 Nbd7 11. Qxd6 Rb8 12. Bg2 h6 13. Nf3 Re8 14. O-O Bxe2
15. Nxe2 Rxe2 16. Qa6 Re6 17. Qa3 Qb6 18. Rd1 g5 19. Rb1 Qa6 20. Qxa6 Rxa6 21.
Ra1 c4 22. Bf1 Ra4 23. Be3 Rxb2 24. Rac1 Raxa2 25. Bxc4 Ra5 26. Ra1 Rxa1 27.
Rxa1 Rb7 28. Bxa7 Ne4 29. Ra6 Ndc5 30. Bxc5 Nxc5 31. Ra8+ Bf8 32. h4 gxh4 33.
Nxh4 Nd7 34. Nf5 Nb6 35. Nxh6+ Kg7 36. Nf5+ Kg8 37. Ba6 Nxa8 38. Bxb7 1-0

[Event "4. Moscu Open 2008"]
[Site "Moscu RUS"]
[Date "2008.02.08"]
[Round "7.75"]
[White "Isajevsky, Anton"]
[Black "Shkurikhin, Ilia"]
[Result "1-0"]
[WhiteElo "2469"]
[BlackElo "2371"]
[PlyCount "59"]
[EventDate "2008.02.02"]
[EventType "swiss"]
[EventRounds "9"]
[EventCountry "RUS"]
[Source "lmi"]
[SourceDate "2008.02.02"]

1. d4 Nf6 2. c4 c5 3. Nf3 cxd4 4. Nxd4 e5 5. Nb5 d5 6. cxd5 Bc5 7. e3 O-O 8.
N5c3 e4 9. a3 Qe7 10. Nd2 Rd8 11. b4 Bd6 12. Bb2 Bf5 13. Nc4 Na6 14. Nxd6 Rxd6
15. Bc4 Nc7 16. Qd4 Rc8 17. Bb3 a6 18. Rd1 Nce8 19. O-O Ng4 20. f3 Nxh2 21.
Kxh2 Qh4+ 22. Kg1 Rh6 23. Nxe4 Qh2+ 24. Kf2 Rg6 25. Rg1 Bh3 26. Nd2 Bxg2 27.
Qf4 Qh3 28. Ne4 Nf6 29. Bxf6 gxf6 30. Nxf6+ 1-0

[Event "4. Moscu Open 2008"]
[Site "Moscu RUS"]
[Date "2008.02.08"]
[Round "7.76"]
[White "Lushenkov, Mikhail"]
[Black "Prihotko, Alexander"]
[Result "1-0"]
[WhiteElo "2458"]
[BlackElo "2340"]
[PlyCount "61"]
[EventDate "2008.02.02"]
[EventType "swiss"]
[EventRounds "9"]
[EventCountry "RUS"]
[Source "lmi"]
[SourceDate "2008.02.02"]

1. Nf3 d5 2. c4 c6 3. e3 e6 4. b3 Nf6 5. Bb2 Bd6 6. Nc3 O-O 7. Be2 Nbd7 8. Qc2
a6 9. d4 b5 10. O-O Qe7 11. e4 e5 12. dxe5 Nxe5 13. exd5 bxc4 14. bxc4 Bg4 15.
Nd4 Rab8 16. Rab1 cxd5 17. Nxd5 Nxd5 18. cxd5 Qh4 19. f4 Rfc8 20. Qe4 Bxe2 21.
Qxe2 Ng4 22. h3 Nf6 23. Nf5 Bc5+ 24. Kh2 Qh5 25. Qxh5 Nxh5 26. Be5 Rxb1 27.
Rxb1 f6 28. Rc1 fxe5 29. Ne7+ Bxe7 30. Rxc8+ Kf7 31. fxe5 1-0

[Event "4. Moscu Open 2008"]
[Site "Moscu RUS"]
[Date "2008.02.08"]
[Round "7.77"]
[White "Novgorodskij, Vladimir"]
[Black "Konovalov, Nikolay"]
[Result "0-1"]
[WhiteElo "2370"]
[BlackElo "2453"]
[PlyCount "64"]
[EventDate "2008.02.02"]
[EventType "swiss"]
[EventRounds "9"]
[EventCountry "RUS"]
[Source "lmi"]
[SourceDate "2008.02.02"]

1. e4 c5 2. Na3 Nc6 3. Bb5 Qc7 4. c3 e5 5. Nf3 Nf6 6. O-O Be7 7. Re1 O-O 8. Nc4
d6 9. Ne3 Be6 10. Ng5 Bd7 11. d3 h6 12. Nf3 Be6 13. Bc4 Rad8 14. Bd5 Nb8 15.
Bxe6 fxe6 16. Qb3 Qd7 17. d4 cxd4 18. cxd4 Nc6 19. d5 exd5 20. Nxd5 Nxd5 21.
exd5 Na5 22. Qd3 Rc8 23. Bxh6 Rxf3 24. Qxf3 gxh6 25. Qe4 Kh8 26. Rac1 Rg8 27.
f4 Rg4 28. g3 b5 29. Qc2 Bf6 30. fxe5 Bxe5 31. Qd2 Nc4 32. Qxh6+ Qh7 0-1

[Event "4. Moscu Open 2008"]
[Site "Moscu RUS"]
[Date "2008.02.08"]
[Round "7.78"]
[White "Khusnutdinov, Rustam"]
[Black "Tjurin, Alexander P"]
[Result "1/2-1/2"]
[WhiteElo "2452"]
[BlackElo "2337"]
[PlyCount "55"]
[EventDate "2008.02.02"]
[EventType "swiss"]
[EventRounds "9"]
[EventCountry "RUS"]
[Source "lmi"]
[SourceDate "2008.02.02"]

1. Nc3 e5 2. Nf3 d6 3. d4 exd4 4. Nxd4 g6 5. g3 Bg7 6. Bg2 Ne7 7. e4 Nbc6 8.
Be3 O-O 9. O-O a6 10. h3 Rb8 11. Re1 Ne5 12. b3 c5 13. Nde2 b5 14. Nd5 Nxd5 15.
Qxd5 Be6 16. Qd1 Nc6 17. Qd2 Na7 18. c4 bxc4 19. Nc3 Qc7 20. Bh6 Bxh6 21. Qxh6
Nb5 22. Ne2 f6 23. Qd2 Rfd8 24. Rac1 Bf7 25. b4 Qb6 26. a4 Nc7 27. bxc5 dxc5
28. Qc3 1/2-1/2

[Event "4. Moscu Open 2008"]
[Site "Moscu RUS"]
[Date "2008.02.08"]
[Round "7.79"]
[White "Kuznetsov, Viktor"]
[Black "Davydov, Sergey P"]
[Result "0-1"]
[WhiteElo "2590"]
[BlackElo "2335"]
[PlyCount "66"]
[EventDate "2008.02.02"]
[EventType "swiss"]
[EventRounds "9"]
[EventCountry "RUS"]
[Source "lmi"]
[SourceDate "2008.02.02"]

1. e4 c5 2. Nf3 e6 3. d4 cxd4 4. Nxd4 Nc6 5. Nc3 Qc7 6. Be3 Nf6 7. f4 d6 8. Qf3
a6 9. Bd3 Bd7 10. O-O Rc8 11. a4 Na5 12. Kh1 h5 13. Rac1 Be7 14. Qg3 h4 15. Qf3
Nc6 16. Nxc6 Bxc6 17. Bd4 Qa5 18. Qh3 Rd8 19. e5 dxe5 20. Bxe5 Kf8 21. f5 exf5
22. Rxf5 Qb4 23. Rf4 Qc5 24. Rxh4 Rg8 25. Rh8 Qf2 26. Rxg8+ Kxg8 27. Rf1 Qd2
28. a5 Qg5 29. Re1 Qd2 30. Rf1 Qg5 31. Qg3 Qh6 32. Rf4 Nh5 33. Qf2 Nxf4 0-1

[Event "4. Moscu Open 2008"]
[Site "Moscu RUS"]
[Date "2008.02.08"]
[Round "7.80"]
[White "Sidorov, Anatoly"]
[Black "Airapetian, Gor"]
[Result "1-0"]
[WhiteElo "2443"]
[BlackElo "2318"]
[PlyCount "75"]
[EventDate "2008.02.02"]
[EventType "swiss"]
[EventRounds "9"]
[EventCountry "RUS"]
[Source "lmi"]
[SourceDate "2008.02.02"]

1. Nf3 d5 2. c4 e6 3. b3 Nf6 4. Bb2 c5 5. cxd5 exd5 6. d4 Nc6 7. g3 cxd4 8. a3
Ne4 9. Bg2 Qa5+ 10. Nbd2 Nc3 11. Qc2 Qb5 12. Nb1 Nxb1 13. Rxb1 Bxa3 14. Bxa3
Qa5+ 15. Nd2 Qxa3 16. Bxd5 O-O 17. O-O Bh3 18. Rfd1 Rac8 19. Qe4 Rce8 20. Qf3
Qe7 21. Be4 Qg5 22. b4 Re7 23. b5 Nd8 24. Qa3 Rfe8 25. Bf3 b6 26. Rb4 Qf6 27.
Qd3 Ne6 28. Bc6 Rd8 29. Qf3 Qg6 30. Be4 Qh6 31. Bd3 Nc5 32. Rxd4 Rde8 33. Nc4
Nxd3 34. Qxd3 Qe6 35. Nd6 Rd8 36. Nf5 Rxd4 37. Nxe7+ Qxe7 38. Qxd4 1-0

[Event "4. Moscu Open 2008"]
[Site "Moscu RUS"]
[Date "2008.02.08"]
[Round "7.81"]
[White "Lavrik, Dmitry"]
[Black "Moiseev, Gumar"]
[Result "0-1"]
[WhiteElo "2434"]
[BlackElo "2310"]
[PlyCount "76"]
[EventDate "2008.02.02"]
[EventType "swiss"]
[EventRounds "9"]
[EventCountry "RUS"]
[Source "lmi"]
[SourceDate "2008.02.02"]

1. d4 Nf6 2. Nf3 e6 3. Bg5 d5 4. e3 Be7 5. Bd3 c5 6. c3 Nbd7 7. Nbd2 h6 8. Bh4
b6 9. O-O Bb7 10. Ne5 O-O 11. f4 Nxe5 12. fxe5 Nd7 13. Bxe7 Qxe7 14. Qe1 a5 15.
Qe2 f5 16. exf6 Rxf6 17. Rxf6 Nxf6 18. Nf3 Nd7 19. Bb5 Rf8 20. Rf1 Bc8 21. Qe1
Rf6 22. Qg3 Nf8 23. Qb8 Qb7 24. Qd6 Bd7 25. Bd3 c4 26. Bc2 Qc6 27. Qe7 Qc8 28.
Ne5 Rxf1+ 29. Kxf1 Qe8 30. Qd6 Ba4 31. b3 cxb3 32. axb3 Bxb3 33. Bd3 b5 34. Qb6
Bc4 35. Bxc4 bxc4 36. Qxa5 Qh5 37. g4 Qh3+ 38. Kf2 Qxh2+ 0-1

[Event "4. Moscu Open 2008"]
[Site "Moscu RUS"]
[Date "2008.02.08"]
[Round "7.82"]
[White "Nezad, Husein Aziz"]
[Black "Mozharov, Mikhail"]
[Result "1-0"]
[WhiteElo "2355"]
[BlackElo "2434"]
[PlyCount "39"]
[EventDate "2008.02.02"]
[EventType "swiss"]
[EventRounds "9"]
[EventCountry "RUS"]
[Source "lmi"]
[SourceDate "2008.02.02"]

1. e4 c5 2. Nf3 Nc6 3. Bb5 g6 4. Bxc6 bxc6 5. O-O Bg7 6. Re1 Nh6 7. c3 O-O 8.
d4 cxd4 9. cxd4 f6 10. b3 Nf7 11. Bb2 d6 12. Nc3 Qa5 13. Qc2 Qh5 14. Ne2 Bg4
15. Ng3 Qb5 16. Nd2 Bd7 17. Rad1 Rac8 18. Nc4 Be6 19. Ne2 Rb8 20. d5 1-0

[Event "4. Moscu Open 2008"]
[Site "Moscu RUS"]
[Date "2008.02.08"]
[Round "7.83"]
[White "Appolonov, Sergey"]
[Black "Kurdakov, Yuri"]
[Result "1/2-1/2"]
[WhiteElo "2423"]
[BlackElo "2286"]
[PlyCount "52"]
[EventDate "2008.02.02"]
[EventType "swiss"]
[EventRounds "9"]
[EventCountry "RUS"]
[Source "lmi"]
[SourceDate "2008.02.02"]

1. Nf3 e6 2. c4 Nf6 3. d4 Bb4+ 4. Bd2 Qe7 5. g3 Ne4 6. Bg2 O-O 7. O-O Nxd2 8.
Nbxd2 Bxd2 9. Nxd2 d6 10. Ne4 Nd7 11. Nc3 Nf6 12. Qd2 a5 13. e4 e5 14. d5 Nd7
15. Rae1 g5 16. Bh3 Nc5 17. Bxc8 Raxc8 18. f4 gxf4 19. gxf4 Nd7 20. Kh1 Kh8 21.
Nb5 b6 22. Rg1 Qh4 23. Ref1 Qf6 24. Qf2 exf4 25. Qxf4 Qxf4 26. Rxf4 Ne5 1/2-1/2

[Event "4. Moscu Open 2008"]
[Site "Moscu RUS"]
[Date "2008.02.08"]
[Round "7.84"]
[White "Shvedchikov, Anatoli I"]
[Black "Djuraev, Sokhib"]
[Result "0-1"]
[WhiteElo "2423"]
[BlackElo "2283"]
[PlyCount "76"]
[EventDate "2008.02.02"]
[EventType "swiss"]
[EventRounds "9"]
[EventCountry "RUS"]
[Source "lmi"]
[SourceDate "2008.02.02"]

1. c4 g6 2. Nc3 c5 3. Nf3 Bg7 4. g3 Nc6 5. Bg2 d6 6. O-O e6 7. a3 Nge7 8. Rb1
O-O 9. b4 b6 10. Qc2 Bb7 11. d3 Rc8 12. bxc5 dxc5 13. e3 Qd7 14. Bb2 Rfd8 15.
Rfd1 Na5 16. h4 Bc6 17. Qe2 h6 18. Ne1 Ba4 19. Nxa4 Qxa4 20. Bxg7 Kxg7 21. Qb2+
f6 22. Qc3 Rd6 23. g4 Rcd8 24. g5 Ng8 25. gxf6+ Nxf6 26. Bf3 Qd7 27. Kf1 Re8
28. Qe5 Qc7 29. Qc3 e5 30. Ke2 Kh7 31. Ng2 Qf7 32. Rbc1 h5 33. Ne1 Ng4 34. Rc2
Nc6 35. Qb2 Rf6 36. Rdd2 Nd4+ 37. exd4 exd4+ 38. Be4 Nxf2 0-1

[Event "4. Moscu Open 2008"]
[Site "Moscu RUS"]
[Date "2008.02.08"]
[Round "7.85"]
[White "Prokopchuk, Yury"]
[Black "Balashov, Yuri S"]
[Result "1-0"]
[WhiteElo "2346"]
[BlackElo "2421"]
[PlyCount "57"]
[EventDate "2008.02.02"]
[EventType "swiss"]
[EventRounds "9"]
[EventCountry "RUS"]
[Source "lmi"]
[SourceDate "2008.02.02"]

1. d4 Nf6 2. Bg5 Ne4 3. Bf4 c5 4. f3 Nf6 5. dxc5 Na6 6. Nc3 Nxc5 7. Qd2 Ne6 8.
Be3 b6 9. O-O-O Bb7 10. Nh3 Rc8 11. Nf4 Nc7 12. Nd3 e6 13. Bg5 h6 14. Bh4 d5
15. Ne5 Bd6 16. Ng4 Be7 17. Nxf6+ Bxf6 18. Bxf6 Qxf6 19. h4 e5 20. e4 d4 21.
Ne2 Ne6 22. Ng3 h5 23. Nf5 Rd8 24. Bc4 Nc5 25. Qg5 Qxg5+ 26. hxg5 g6 27. Nh6
Ne6 28. Bxe6 fxe6 29. Ng4 1-0

[Event "4. Moscu Open 2008"]
[Site "Moscu RUS"]
[Date "2008.02.08"]
[Round "7.86"]
[White "Matsenko, Sergei"]
[Black "Matvienko, Ivan"]
[Result "1-0"]
[WhiteElo "2418"]
[BlackElo "2271"]
[PlyCount "53"]
[EventDate "2008.02.02"]
[EventType "swiss"]
[EventRounds "9"]
[EventCountry "RUS"]
[Source "lmi"]
[SourceDate "2008.02.02"]

1. e4 e5 2. Nf3 Nc6 3. Bb5 a6 4. Ba4 Nf6 5. O-O b5 6. Bb3 Bb7 7. Re1 Bc5 8. c3
d6 9. d4 Bb6 10. a4 h6 11. Be3 O-O 12. d5 Na7 13. axb5 Nxb5 14. c4 Na7 15. Nfd2
Bxe3 16. Rxe3 c5 17. Bc2 Nc8 18. Nb3 Ne7 19. Na5 Bc8 20. Nd2 Ng6 21. Nc6 Qc7
22. Ba4 Nd7 23. Rea3 Nb6 24. b4 Nxa4 25. Qxa4 Nf4 26. b5 Be6 27. dxe6 1-0

[Event "4. Moscu Open 2008"]
[Site "Moscu RUS"]
[Date "2008.02.08"]
[Round "7.87"]
[White "Ipatov, Alexander"]
[Black "Pokazanjev, Nikolai"]
[Result "1-0"]
[WhiteElo "2323"]
[BlackElo "2405"]
[PlyCount "47"]
[EventDate "2008.02.02"]
[EventType "swiss"]
[EventRounds "9"]
[EventCountry "RUS"]
[Source "lmi"]
[SourceDate "2008.02.02"]

1. d4 Nf6 2. c4 g6 3. Nc3 Bg7 4. e4 d6 5. Bg5 h6 6. Be3 O-O 7. f3 e5 8. d5 Nh5
9. Qd2 f5 10. exf5 gxf5 11. O-O-O Qf6 12. Bd3 a6 13. Nge2 b5 14. Ng3 Qg6 15.
Nxh5 Qxh5 16. g4 fxg4 17. fxg4 Bxg4 18. Rdg1 bxc4 19. Be4 Rf7 20. Rg3 Nd7 21.
Rhg1 Nf6 22. Qg2 Qh4 23. h3 h5 24. hxg4 1-0

[Event "4. Moscu Open 2008"]
[Site "Moscu RUS"]
[Date "2008.02.08"]
[Round "7.88"]
[White "Demidov, Mikhail"]
[Black "Gorovykh, Eduard"]
[Result "1/2-1/2"]
[WhiteElo "2289"]
[BlackElo "2402"]
[PlyCount "67"]
[EventDate "2008.02.02"]
[EventType "swiss"]
[EventRounds "9"]
[EventCountry "RUS"]
[Source "lmi"]
[SourceDate "2008.02.02"]

1. Nf3 Nf6 2. g3 g6 3. b3 Bg7 4. Bb2 O-O 5. Bg2 d6 6. d3 e5 7. O-O Nc6 8. Nbd2
h6 9. e4 Be6 10. d4 exd4 11. Nxd4 Nxd4 12. Bxd4 Qd7 13. Qf3 Nh5 14. Bxg7 Nxg7
15. Qe3 Kh7 16. Rad1 Bg4 17. f3 Bh3 18. Nc4 Bxg2 19. Kxg2 b5 20. Ne5 Qe6 21.
Nd3 g5 22. Nb4 f5 23. Nd5 Rf7 24. Rfe1 g4 25. fxg4 fxg4 26. Nf4 Qe5 27. Rd5 Qb2
28. Re2 b4 29. c4 Qf6 30. e5 dxe5 31. Qxe5 Re8 32. Qxf6 Rxe2+ 33. Nxe2 Rxf6 34.
Rd7 1/2-1/2

[Event "4. Moscu Open 2008"]
[Site "Moscu RUS"]
[Date "2008.02.08"]
[Round "7.89"]
[White "Chernobay, Artem"]
[Black "Aldokhin, Ivan"]
[Result "1/2-1/2"]
[WhiteElo "2401"]
[BlackElo "2172"]
[PlyCount "56"]
[EventDate "2008.02.02"]
[EventType "swiss"]
[EventRounds "9"]
[EventCountry "RUS"]
[Source "lmi"]
[SourceDate "2008.02.02"]

1. e4 c6 2. d4 d5 3. e5 c5 4. dxc5 Nc6 5. Nf3 Bg4 6. Bb5 Qa5+ 7. Nc3 e6 8. Be3
Nge7 9. O-O a6 10. Ba4 Nf5 11. h3 Nxe3 12. fxe3 Bh5 13. Kh1 Bxc5 14. e4 d4 15.
Bxc6+ bxc6 16. Ne2 Bxf3 17. Rxf3 Qc7 18. Nxd4 Qxe5 19. Nxc6 Qxe4 20. Rc3 Qxc6
21. b4 O-O 22. Rxc5 Qb6 23. c3 Rac8 24. Rxc8 Rxc8 25. Qb3 Rd8 26. Rd1 h5 27. a4
e5 28. Rxd8+ Qxd8 1/2-1/2

[Event "4. Moscu Open 2008"]
[Site "Moscu RUS"]
[Date "2008.02.08"]
[Round "7.90"]
[White "Purygin, Andrei"]
[Black "Zemtsov, Igor"]
[Result "1-0"]
[WhiteElo "2196"]
[BlackElo "2400"]
[PlyCount "65"]
[EventDate "2008.02.02"]
[EventType "swiss"]
[EventRounds "9"]
[EventCountry "RUS"]
[Source "lmi"]
[SourceDate "2008.02.02"]

1. d4 Nf6 2. c4 g6 3. Nc3 d5 4. Bf4 Bg7 5. Nf3 O-O 6. e3 c6 7. h3 Bf5 8. Qb3
Qb6 9. Be2 Na6 10. c5 Qxb3 11. axb3 Nb4 12. Kd2 b6 13. Ra4 bxc5 14. dxc5 a5 15.
Bc7 Nd7 16. Rxa5 Rxa5 17. Bxa5 Rb8 18. Na4 e5 19. Rc1 Na2 20. Ra1 Nb4 21. g4
Be6 22. Bc7 Rb7 23. Bd6 h6 24. Nb6 d4 25. Ra8+ Kh7 26. Nxd7 Rxd7 27. e4 f5 28.
gxf5 gxf5 29. exf5 Bxf5 30. Bc4 Bf6 31. Bxe5 Bxe5 32. Nxe5 Re7 33. f4 1-0

[Event "4. Moscu Open 2008"]
[Site "Moscu RUS"]
[Date "2008.02.08"]
[Round "7.91"]
[White "Usov, Ilia Nik"]
[Black "Peregudov, Nickolai"]
[Result "0-1"]
[WhiteElo "2028"]
[BlackElo "2398"]
[PlyCount "76"]
[EventDate "2008.02.02"]
[EventType "swiss"]
[EventRounds "9"]
[EventCountry "RUS"]
[Source "lmi"]
[SourceDate "2008.02.02"]

1. e4 c5 2. Nf3 e6 3. d4 cxd4 4. Nxd4 a6 5. Bd3 Qc7 6. a3 Nf6 7. Nc3 Be7 8. Nb3
Nc6 9. f4 d6 10. O-O b5 11. Bd2 Bb7 12. Qf3 h5 13. Rae1 Kf8 14. Kh1 Kg8 15. Qh3
Re8 16. f5 exf5 17. Qxf5 Ne5 18. Nd4 g6 19. Qf4 h4 20. Be2 h3 21. Bf3 hxg2+ 22.
Kxg2 Qd7 23. Qg3 Nh5 24. Bxh5 Rxh5 25. Nf3 Nc4 26. Bc1 Bf6 27. Ng5 Be5 28. Bf4
Bg7 29. Bc1 Re7 30. b3 Ne5 31. Nd5 Bxd5 32. exd5 Qc8 33. Re2 Rc7 34. Rff2 Rc3
35. Qf4 Bh6 36. Rxe5 f5 37. Re8+ Qxe8 38. Qd4 Qe5 0-1